Statistiques concernant Quizz malheurs de Sophie

Cliquez ici pour prendre le quiz!

Statistiques générales

  • Ce quiz a été pris 89 fois
  • Le résultat moyen est 12 sur 15

Statistiques - réponses

QuestionRéponse% Correct
Comment s’appellent les amies de Sophie ?Camille, madeleine et marguerite
96%
Combien de frère et sœur Sophie a t elle ?0
95%
Lors d’une promenade, Sophie fut attaquée par un loup. Qu’est-ce qui l’avait distraite et éloignée du groupe ?Des fraises
90%
Dans quel contexte la mère de Sophie est-elle morte ?Noyade
86%
Comment s’appelle la filleule de Sophie ?Pauline
86%
Comment s’appelle la mère de Sophie ?Mme de Réan
85%
Avec quoi Sophie a t elle fait le thé ?L’eau des chiens
79%
Comment se nommait la nounou de Sophie ?Lucie
79%
Comment Sophie nommait elle sa poupée ?Ma fille
78%
De qui Sophie est-elle amoureuse ?Jean
75%
Avec qui marguerite se marie-t-Elle ?Paul
70%
Dans quel épisode madame fichinie meurt-elle ?Épisode 26
68%
Les parents de Paul voulaient :Une fille
66%
Sophie retrouve Paul combien de temps après la tempête ?5 ans
53%
Les poires volées : épisode ?Épisode 13
49%

Distribution des résultats

Percentile par nombre de réponses

% des personnes avec chaque résultat

Votre développement - résultats

Vous n’avez pas pris ce quiz